Fallout New Vegas Quiz - Statystyki

Ogólne statystyki
  • Ten quiz został rozwiązany 20 razy
  • Średni wynik to 7 z 15
Statystyki odpowiedzi
Hint Odpowiedź % Poprawnych
What is the name of the starting town in Fallout New Vegas? Goodsprings
81%
How many types of power armor are there in Fallout New Vegas? 5
75%
What is the name of the man who shot the Courier at the beginning of the game? Benny
75%
Which faction took over the town of Nipton? Legion
75%
How many additional locations does the Wild Wasteland trait add? 1
69%
What is the name of the reprogrammed Securitron in New Vegas? Yes Man
63%
What is the name of the potential companion trapped in the black mountain? Raul Tejada
50%
What is the name of the guard on the dinosaur in Novac during the day? Manny Vargas
44%
What year does Fallout New Vegas takes place in? 2281
38%
What does Loyal want the Courier to get out of the lake? B29 Bomber
25%
What is the name of the place in Freeside where you can buy plasma/laser weapons? Silver Rush
25%
What is the name of the ghoul who works as security at the fort in Freeside? Beatrix Russell
13%
What is the name of the leader of the Great Khans in Boulder City? Jessup
13%
How many locations are there in Fallout New Vegas (Without DCLs) 187
6%
What is the name of Colonel ... Hsu at Camp McCarran? James
6%
Nie znaleziono quizów pasujących do podanych kryteriów
Rozkład punktacji
Procent ludzi z każdym wynikiem
Percentyl według liczby udzielonych odpowiedzi
Twoja historia wyników
Nie rozwiązałeś tego quizu